Diagnoses de algumas especies inéditas da familia squalidae que frequentam os nossos mares : (Record no. 29443)
[ view plain ]
| 000 -LEADER | |
|---|---|
| campo de control de longitud fija | 00850nam a2200205 i 4500 |
| 001 - NÚMERO DE CONTROL | |
| campo de control | 29443 |
| 003 - IDENTIFICADOR DE NÚMERO DE CONTROL | |
| campo de control | ES-MaACL |
| 005 - FECHA Y HORA DE LA ÚLTIMA TRANSACCIÓN | |
| campo de control | 20230906154032.0 |
| 007 - CAMPO FIJO DE DESCRIPCIÓN FÍSICA--INFORMACIÓN GENERAL | |
| campo de control de longitud fija | t| |
| 008 - DATOS DE LONGITUD FIJA--INFORMACIÓN GENERAL | |
| campo de control de longitud fija | 030122s1864 po ||||1| por d |
| 100 1# - ENTRADA PRINCIPAL--NOMBRE DE PERSONA | |
| Nombre de persona | Barbosa du Bocage, José Vicente. |
| 9 (RLIN) | 25476 |
| 245 10 - MENCIÓN DEL TÍTULO | |
| Título | Diagnoses de algumas especies inéditas da familia squalidae que frequentam os nossos mares : |
| Resto del título | trabalho apresentado á Academia Real das Sciencias de Lisboa / |
| Mención de responsabilidad, etc. | pelo..José Vicente Barbosa du Bocage ... e por Felix de Brito Capello. |
| 260 ## - PUBLICACIÓN, DISTRIBUCIÓN, ETC. | |
| Lugar de publicación, distribución, etc. | Lisboa : |
| Nombre del editor, distribuidor, etc. | [s.n.], |
| Fecha de publicación, distribución, etc. | 1864 ( |
| Fabricante | Typ. da Academia) |
| 300 ## - DESCRIPCIÓN FÍSICA | |
| Extensión | 3 p. ; |
| Dimensiones | 27 cm. |
| 530 ## - NOTA DISPONIBLE DE FORMULARIO FÍSICO ADICIONAL | |
| Nota de formato físico adicional disponible | Disponible en formato digital. |
| 650 #4 - PUNTO DE ACCESO ADICIONAL DE MATERIA--TÉRMINO DE MATERIA | |
| Término de materia o nombre geográfico como elemento de entrada | Peces. |
| 9 (RLIN) | 146663 |
| 710 2# - ENTRADA AGREGADA--NOMBRE DE ENTIDAD CORPORATIVA | |
| Nombre de entidad corporativa o nombre de jurisdicción como elemento de entrada | Academia das Ciências de Lisboa. |
| 9 (RLIN) | 1159 |
| 852 4# - LOCALIZACIÓN | |
| Ubicación | ES-MaACL |
| Número de control de estantería | T-126-F-2 |
| 856 4# - LOCALIZACIÓN Y ACCESO ELECTRÓNICOS | |
| Identificador Uniforme de Recursos | <a href="https://doi.org/10.5962/bhl.title.5048 ">https://doi.org/10.5962/bhl.title.5048 </a> |
| Nota pública | Biodiversity Heritage Library |
| Estatus retirado | Estado de pérdida | Estado de daño | No para préstamo | Colección | Biblioteca de origen | Biblioteca actual | Ubicación en estantería | Fecha de adquisición | Fuente de adquisición | Total de préstamos | Signatura topográfica completa | Código de barras | Visto por última vez | Precio de reemplazo | Tipo de ítem Koha |
|---|---|---|---|---|---|---|---|---|---|---|---|---|---|---|---|
| Colección de folletos | Biblioteca del Ateneo de Madrid | Biblioteca del Ateneo de Madrid | Depósito folletos | 17/01/2008 | T-126-F-2 | 1030397 | 23/02/2023 | 23/02/2023 | Folleto |
